| 000 | 00339nam a2200133Ia 4500 | ||
|---|---|---|---|
| 005 | 20251222141830.0 | ||
| 008 | 251222s9999||||xx |||||||||||||| ||spa|| | ||
| 020 | _a3-8290-2153-4 | ||
| 082 | _aREF.200.3/S61 | ||
| 100 | _aSmart, Ninian | ||
| 245 | 0 | _aAtlas Mundial de las Religiones | |
| 264 | _bKönemann Verlagsgesellschaft | ||
| 942 | _cLIB | ||
| 999 |
_c7086 _d7086 |
||